00896 2200265 4500001002100000005001500021035002000036007000300056008004100059020002200100082001000122084001400132245016200146250001000308260003200318300005300350700004100403700002800444700003000472700002300502500006100525650002400586990000900610990001100619INLIS00000000000060320210406101352 a0010-1017000157ta210406 f 0 ind  a978-979-9137-42-5 a297.8 a297.8 FAT aFatwa-Fatwa Tentang Wanita /cMuhammad bin Ibrahim Alu asy-Syaikh... [et.al]; penerjemah, Amir Hamzah Fachruddin, Zaenal Abidin Syamsuddin, Ahmad Amin Sjihad acet.x aJakarta :bDarul Haq,c2016 axii, 1099 hal. ;c25 cm.-- Serial Buku DH Ke-2160 aASY-SYAIKH, Muhammad bin Ibrahim Alu0 aAMIR, Hamzah Fachruddin0 aZAENAL, Abidin Syamsuddin0 aAHMAD, Amin Sjihad aJudul asli : Al-Fatawa al-Jami'ah Lil Mar'ah al-Muslimah 4aFATWA WANITA. ISLAM a6134 a6134 a